Philadelphia International Airport Destinations (Philadelphia, USA) - Statistics

General Stats
  • This quiz has been taken 170 times
    95 since last reset
  • The average score is 84 of 126
Answer Stats
Airline Destination % Correct
American Airlines/Frontier Airlines/Southwest Airlines/Spirit Airlines Tampa
95%
American Airlines/Frontier Airlines/Spirit Airlines Miami
94%
American Airlines/American Eagle/Delta Air Lines/Sun Country Airlines Minneapolis/St. Paul
94%
American Airlines/Southwest Airlines Phoenix (Sky Harbor)
94%
American Airlines/American Eagle/Delta Air Lines/Frontier Airlines/Spirit Airlines Atlanta
92%
American Airlines/Frontier Airlines/Spirit Airlines Charlotte
92%
American Airlines/Frontier Airlines/Southwest Airlines/United Airlines Denver
92%
American Airlines/British Airways London (Heathrow)
92%
American Airlines/Frontier Airlines/Spirit Airlines Los Angeles
92%
American Airlines/Frontier Airlines/Southwest Airlines/Spirit Airlines Orlando
92%
American Airlines/Frontier Airlines Dallas/Fort Worth
90%
Southwest Airlines Dallas (Love)
90%
American Airlines/American Eagle Portland (ME)
90%
American Airlines Portland (OR)
90%
American Airlines/Frontier Airlines Austin
89%
American Airlines/Delta Connection/Frontier Airlines/JetBlue Boston
89%
Frontier Airlines/Southwest Airlines Chicago (Midway)
89%
American Airlines/Frontier Airlines/United Airlines Chicago (O'Hare)
89%
American Airlines/American Eagle Columbus (Glenn)
89%
American Airlines/American Eagle/Delta Air Lines/Delta Connection/Frontier Airlines/Spirit Airlines Detroit
89%
Aer Lingus/American Airlines Dublin
89%
American Airlines/Frontier Airlines/Southwest Airlines/Spirit Airlines Las Vegas
89%
American Airlines/United Airlines San Francisco
89%
Alaska Airlines/American Airlines Seattle/Tacoma
89%
United Express Washington (Dulles)
89%
American Eagle Washington (National)
89%
American Airlines/American Eagle/Frontier Airlines Cleveland
87%
American Airlines San Diego
87%
American Airlines/American Eagle Cincinnati
85%
Southwest Airlines Houston (Hobby)
85%
American Airlines/American Eagle/Spirit Airlines/United Airlines/United Express Houston (Intercontinental)
85%
American Airlines Paris (Charles de Gaulle)
85%
American Airlines/Delta Air Lines Salt Lake City
85%
Air Canada/Air Canada Express/American Eagle Toronto (Pearson)
85%
American Airlines Madrid
84%
Aeroméxico Mexico City
84%
American Airlines/American Eagle/Frontier Airlines/Southwest Airlines/Spirit Airlines Nashville
84%
American Airlines/American Eagle/Frontier Airlines Jacksonville (FL)
82%
American Airlines/American Eagle Kansas City
82%
American Eagle Memphis
82%
American Airlines/American Eagle/Frontier Airlines Pittsburgh
82%
American Airlines/American Eagle/Frontier Airlines Raleigh/Durham
82%
American Eagle Buffalo
81%
American Airlines/American Eagle Indianapolis
81%
American Eagle Louisville
81%
American Airlines/American Eagle Milwaukee
81%
American Airlines/American Eagle/Frontier Airlines New Orleans
81%
American Airlines Rome (Fiumicino)
81%
American Airlines/American Eagle/Southwest Airlines St. Louis
81%
Air Canada/Air Canada Express/American Eagle Montréal (Trudeau)
79%
American Eagle Richmond
79%
American Airlines Barcelona
77%
American Airlines/American Eagle/Frontier Airlines Charleston (SC)
77%
Discover Airlines Frankfurt
77%
American Airlines San Antonio
76%
American Airlines/Frontier Airlines/Southwest Airlines/Spirit Airlines Fort Lauderdale
74%
American Airlines/American Eagle Hartford
74%
American Airlines Lisbon
73%
American Eagle Manchester (NH)
73%
American Eagle Rochester (NY)
73%
American Eagle Albany
71%
American Airlines Amsterdam
71%
American Eagle Birmingham (AL)
71%
American Eagle Syracuse
71%
American Eagle Des Moines
69%
American Eagle Knoxville
69%
American Airlines/American Eagle Providence
69%
American Airlines/Frontier Airlines/Spirit Airlines Cancún
68%
American Airlines Milan (Malpensa)
68%
American Airlines/American Eagle/Frontier Airlines Savannah
68%
American Eagle Greensboro
66%
American Eagle Harrisburg
66%
American Airlines/American Eagle Key West
66%
American Eagle Omaha
66%
American Airlines Athens
65%
American Airlines/Frontier Airlines/Spirit Airlines Fort Myers
65%
American Eagle Columbia (SC)
63%
American Airlines/Qatar Airways Doha
61%
American Airlines Nassau
61%
American Eagle Norfolk
61%
American Eagle Lexington
60%
American Airlines/Frontier Airlines/Spirit Airlines San Juan
60%
American Airlines Zurich
60%
American Eagle Grand Rapids
58%
American Eagle Madison
58%
American Airlines/Frontier Airlines/Spirit Airlines Punta Cana
56%
American Airlines/American Eagle Burlington (VT)
55%
American Eagle Dayton
55%
American Eagle Panama City (FL)
55%
American Eagle Wilmington (NC)
55%
American Eagle Asheville
53%
American Airlines/American Eagle/Frontier Airlines/Spirit Airlines Myrtle Beach
53%
American Airlines Copenhagen
52%
American Airlines Halifax
52%
American Airlines/Frontier Airlines/Spirit Airlines Montego Bay
52%
American Airlines Naples
50%
American Airlines/American Eagle/Frontier Airlines Sarasota
50%
American Airlines Edinburgh
48%
Frontier Airlines Santo Domingo (Las Americas)
48%
American Airlines Venice
48%
American Airlines/American Eagle Bangor
47%
American Eagle Greenville/Spartanburg
47%
American Airlines/Frontier Airlines/Southwest Airlines West Palm Beach
47%
American Airlines/American Eagle Pensacola
44%
American Eagle Québec City
44%
American Airlines Aruba
42%
American Airlines Bermuda
42%
American Eagle Destin/Fort Walton Beach
40%
American Airlines St. Lucia (Hewanorra)
40%
American Airlines St. Maarten
40%
American Airlines Barbados
39%
American Eagle Martha's Vineyard
39%
American Eagle Roanoke
39%
American Eagle Fayetteville/Bentonville
37%
American Eagle Hilton Head
35%
American Airlines St. Thomas
35%
American Eagle Nantucket
34%
American Airlines Grand Cayman
31%
American Airlines Nice
31%
American Eagle Traverse City
26%
American Airlines Liberia (CR)
24%
American Airlines Providenciales
24%
American Eagle State College
23%
American Eagle Hyannis
21%
American Eagle Salisbury
13%
American Eagle Watertown (NY)
8%
No matching quizzes found
Score Distribution
Percent of People with Each Score
Percentile by Number Answered
Your Score History
You have not taken this quiz since the last reset